000
00263nam a22000977a 4500
008
221018b |||||||| |||| 00| 0 eng d
020
_a
9781612681139
100
_a
Klyosaki T Robert
_9
7585
245
_a
Rich Dad Poor Dad
260
_a
USA
_b
Plata Publication
_c
April-2022
999
_c
12076
_d
12076